Quiz Images, Première Guerre mondiale - Statistiques

Statistiques générales
  • Ce quiz a été pris 1 091 fois
    1 023 depuis la dernière actualisation
  • Le résultat moyen est 10 sur 16
Statistiques - réponses
Par images Hint Réponse % Correct
Plus longue bataille de la guerre Bataille de Verdun
91%
Fondateur de l'URSS Lénine
90%
Surnom des soldats français Poilus
89%
Traité clôturant la guerre Traité de Versailles
84%
Peuple ayant subi un génocide Arméniens
83%
Alliance entre la France, le Royaume-Uni et la Russie Triple-Entente
82%
Evenement marquant la fin de la guerre Armistice du 11 novembre
72%
Arme développée durant la guerre Avion de chasse
70%
Allié de l'Allemagne Empire ottoman
68%
Evenement déclencheur de la guerre Attentat de Sarajevo
59%
Empereur allemand Guillaume II
57%
Président du conseil français. Georges Clemenceau
55%
Président américain. Thomas Woodrow Wilson
45%
Empereur austro-hongrois François-Joseph Ier
28%
Premier char d'assaut au monde Mark I
17%
Plus importante bataille navale du conflit Bataille de Jutland
16%
Aucun quiz correspondant
Distribution des résultats
% des personnes avec chaque résultat
Percentile par nombre de réponses
Votre historique - résultats
Vous n’avez pas pris ce quiz depuis la dernière actualisation